| 000 | 00832mam a2200277 4500 | ||
|---|---|---|---|
| 001 | 2005873 | ||
| 003 | ARRUPE | ||
| 005 | 20131204135512.0 | ||
| 008 | 731212s1951 enk 000 0 eng u | ||
| 010 | _a 52001184 | ||
| 015 | _aGB51-7506 | ||
| 035 | _a(OCoLC)30389191 | ||
| 035 | _a(OCoLC)ocm30389191 | ||
| 035 | _a(NNC)2005873 | ||
| 040 |
_cDAY _dOCL _dSER _dUKM |
||
| 050 | 0 |
_aDA506.W2 _bA4 1951 |
|
| 082 | 0 | 0 | _a928.2 |
| 100 | 1 |
_aWalpole, Horace, _d1717-1797. _95121 |
|
| 245 | 0 | 0 |
_aLetters of Horace Walpole, _cselected by W.S. Lewis, with an introd. by R.W. Ketton-Cremer. |
| 260 |
_aLondon, _bFolio Society, _c1951. |
||
| 300 |
_a283 p. _bports. _c23 cm. |
||
| 600 | 1 | 0 |
_aWalpole, Horace, _d1717-1797. _95122 |
| 710 | 2 |
_aFolio Society (London, England) _4prt. _5NNC _95123 |
|
| 942 |
_2lcc _cMONOGRAPH |
||
| 999 |
_c119073 _d119073 |
||